书目信息 |
| 题名: |
幸福的家居术
|
|
| 作者: | 哈里森 著 ;张晨 译 | |
| 分册: | ||
| 出版信息: | 沈阳 辽宁科学技术出版社 2019.11 |
|
| 页数: | 159页 | |
| 开本: | 21cm | |
| 丛书名: | ||
| 单 册: | ||
| 中图分类: | TU241.02 | |
| 科图分类: | ||
| 主题词: | 住宅--zhu zhai--室内装饰设计 | |
| 电子资源: | ||
| ISBN: | 978-7-5591-1229-3 | |
| 000 | 01043nam0 2200253 450 | |
| 001 | 2071954117 | |
| 005 | 20201107195928.47 | |
| 010 | @a978-7-5591-1229-3@b精装@dCNY68.00 | |
| 100 | @a20191115d2019 em y0chiy50 ea | |
| 101 | 1 | @achi@ceng |
| 102 | @aCN@b210000 | |
| 105 | @aa z 000yy | |
| 200 | 1 | @a幸福的家居术@Axing fu de jia ju shu@d= Happy by design@e如何设计一个快乐又健康的家@f(英) 维多利亚·哈里森著@g张晨译@zeng |
| 210 | @a沈阳@c辽宁科学技术出版社@d2019.11 | |
| 215 | @a159页@c彩图@d21cm | |
| 330 | @a本书探讨幸福健康与家居环境的关联影响, 围绕健康与幸福给读者家居上的建议。书中涵盖家居设计, 收纳方法、园艺打理较全面的改造计划。其中的改造建议实际操作起来易于实现。 | |
| 500 | 10 | @aHappy by design@mChinese |
| 517 | 1 | @a如何设计一个快乐又健康的家@Aru he she ji yi ge kuai le you jian kang de jia |
| 606 | 0 | @a住宅@Azhu zhai@x室内装饰设计 |
| 690 | @aTU241.02@v5 | |
| 701 | 1 | @a哈里森@Aha li sen@g(Harrison, Victoria)@4著 |
| 702 | 0 | @a张晨@Azhang chen@4译 |
| 801 | 0 | @aCN@b人天书店@c20201004 |
| 905 | @aZUCC@dTU241.02@eH023 | |
| 幸福的家居术= Happy by design:如何设计一个快乐又健康的家/(英) 维多利亚·哈里森著/张晨译.-沈阳:辽宁科学技术出版社,2019.11 |
| 159页:彩图;21cm |
| ISBN 978-7-5591-1229-3(精装):CNY68.00 |
| 本书探讨幸福健康与家居环境的关联影响, 围绕健康与幸福给读者家居上的建议。书中涵盖家居设计, 收纳方法、园艺打理较全面的改造计划。其中的改造建议实际操作起来易于实现。 |
| ● |
| 相关链接 |
|
|
|
正题名:幸福的家居术
索取号:TU241.02/H023
 
预约/预借
| 序号 | 登录号 | 条形码 | 馆藏地/架位号 | 状态 | 备注 |
| 1 | 1486918 | 214869187 | 建筑库101/101建筑库 63排1列3层/ [索取号:TU241.02/H023] | 在馆 | |
| 2 | 1486919 | 214869196 | 建筑库101/101建筑库 63排1列3层/ [索取号:TU241.02/H023] | 在馆 |